Statistics for U.S. State Shapes Quiz #1

Click here to take the quiz!

General Stats

  • This quiz has been taken 107,211 times
    (107,168 since last reset)
  • The average score is 17 of 25

Answer Stats

Answer% Correct
Texas
99%
Hawaii
98%
Florida
88%
Nevada
82%
Tennessee
82%
Colorado
78%
Washington
76%
Virginia
75%
Massachusetts
71%
Maryland
70%
Illinois
67%
Kentucky
67%
Vermont
65%
Utah
65%
New Mexico
65%
Montana
64%
Alabama
62%
Minnesota
62%
Pennsylvania
61%
Arizona
57%
Missouri
57%
Indiana
56%
Delaware
55%
Arkansas
48%
Rhode Island
47%

Score Distribution

Percentile by Number Answered

Percent of People with Each Score

Your Score History

You have not taken this quiz since the last reset